[Event "OLSW 1718 SK Gau-Algesheim - SK Altenki"]
[Site "?"]
[Date "2018.03.18"]
[Round "10.1"]
[White "Bruehl, Andreas"]
[Black "Ovsejevitsch, Sergei"]
[Result "1/2-1/2"]
[WhiteElo "2309"]
[BlackElo "2602"]
[PlyCount "107"]
[EventDate "2018.??.??"]

1. d4 Nf6 2. c4 e6 3. g3 d5 4. Bg2 Bb4+ 5. Bd2 Bd6 6. Nf3 O-O 7. O-O c6 8. Nc3
Nbd7 9. e4 dxe4 10. Ng5 Be7 11. Ngxe4 Nb6 12. c5 Nbd5 13. Re1 b6 14. Nxf6+ Bxf6
15. Nxd5 exd5 16. Bb4 a5 17. Ba3 b5 18. b3 Bf5 19. Bc1 Re8 20. Rxe8+ Qxe8 21.
Bf4 Qe6 22. Qd2 Re8 23. Be5 Bd8 24. h4 h5 25. Kh2 b4 26. Bf3 Bg4 27. Bg2 f6 28.
Bf4 Qe2 29. Bf1 Qe4 30. Bg2 Bf3 31. Bxf3 Qxf3 32. Re1 Rxe1 33. Qxe1 Kf7 34. Qe3
Qxe3 35. Bxe3 Ke6 36. Kg2 Kf5 37. f3 Bc7 38. Bc1 g5 39. hxg5 fxg5 40. Be3 g4
41. Bf2 Bd8 42. Be3 h4 43. fxg4+ Ke4 44. Bh6 Kxd4 45. g5 hxg3 46. g6 Bf6 47.
Bg5 Bg7 48. Bd8 Kxc5 49. Bxa5 Kb5 50. Bc7 c5 51. Bxg3 c4 52. Kf3 Kc5 53. Ke2
Kd4 54. bxc4 1/2-1/2

[Event "OLSW 1718 SK Gau-Algesheim - SK Altenki"]
[Site "?"]
[Date "2018.03.18"]
[Round "10.2"]
[White "Kling, Felix"]
[Black "Weimann, Maximilian"]
[Result "1/2-1/2"]
[WhiteElo "2183"]
[BlackElo "2208"]
[PlyCount "89"]
[EventDate "2018.??.??"]

1. d4 d5 2. c4 e6 3. Nc3 Bb4 4. a3 Bxc3+ 5. bxc3 Nf6 6. e3 O-O 7. Bd3 c5 8. Ne2
Qa5 9. O-O Nbd7 10. cxd5 exd5 11. Bb2 c4 12. Bc2 Re8 13. Qd2 Ne4 14. Qc1 Ndf6
15. f3 Nd6 16. Ng3 h5 17. h4 Bd7 18. a4 Qc7 19. Qe1 Bc6 20. Qf2 Re6 21. Rfe1 g6
22. Ne2 a5 23. Nf4 Ree8 24. Qg3 Qd7 25. Nh3 Nf5 26. Qf2 Kg7 27. Ng5 Qc7 28.
Bxf5 gxf5 29. Nh3 Kh8 30. Nf4 Qd7 31. Qc2 Rg8 32. Kf2 Rae8 33. Bc1 Rg7 34. Rg1
Reg8 35. Bd2 Rg3 36. Be1 R3g7 37. Kf1 Re8 38. Bf2 Qc8 39. Rh1 Qc7 40. Rh3 Reg8
41. Bg1 Re8 42. Kf2 Qe7 43. Kf1 Qd7 44. Kf2 Qe7 45. Kf1 1/2-1/2

[Event "OLSW 1718 SK Gau-Algesheim - SK Altenki"]
[Site "?"]
[Date "2018.03.18"]
[Round "10.3"]
[White "Wagener, Claude"]
[Black "Michels, Achim"]
[Result "1-0"]
[WhiteElo "2274"]
[BlackElo "2174"]
[PlyCount "61"]
[EventDate "2018.??.??"]

1. e4 c5 2. Nf3 d6 3. d4 cxd4 4. Nxd4 Nf6 5. Nc3 a6 6. Bd3 e5 7. Nde2 Be7 8.
O-O Nbd7 9. f4 Nc5 10. Kh1 b5 11. Ng3 O-O 12. a3 Nxd3 13. cxd3 Bg4 14. Qe1 Be6
15. f5 Bb3 16. Bg5 Rc8 17. Rc1 Qb6 18. Nh5 Kh8 19. Qh4 Qd8 20. Rf3 Nd5 21. Bxe7
Qxe7 22. f6 Nxf6 23. Nxf6 h6 24. Qh5 Rxc3 25. bxc3 d5 26. exd5 Qxa3 27. Rcf1
Qd6 28. Ng4 Bxd5 29. Rf6 Bxg2+ 30. Kxg2 Qd5+ 31. R1f3 1-0

[Event "OLSW 1718 SK Gau-Algesheim - SK Altenki"]
[Site "?"]
[Date "2018.03.18"]
[Round "10.4"]
[White "Karsay, Pascal"]
[Black "Heidorn, Oliver"]
[Result "1-0"]
[WhiteElo "2148"]
[BlackElo "2117"]
[PlyCount "45"]
[EventDate "2018.??.??"]

1. e4 c5 2. Nf3 e6 3. d4 cxd4 4. Nxd4 Nf6 5. Nc3 Bb4 6. e5 Nd5 7. Bd2 Nxc3 8.
bxc3 Be7 9. Qg4 g6 10. h4 h5 11. Qg3 d6 12. Bf4 d5 13. Bd3 a6 14. Nf3 Qc7 15.
O-O Nd7 16. Ng5 Bxg5 17. Qxg5 Nc5 18. Qf6 Rh7 19. Bg5 b5 20. a4 bxa4 21. Rfb1
Ra7 22. Rb8 Rb7 23. Ra8 1-0

[Event "OLSW 1718 SK Gau-Algesheim - SK Altenki"]
[Site "?"]
[Date "2018.03.18"]
[Round "10.6"]
[White "Frede, Lennart"]
[Black "Kaster, Martin"]
[Result "1-0"]
[WhiteElo "2164"]
[BlackElo "2122"]
[PlyCount "63"]
[EventDate "2018.??.??"]

1. e4 d5 2. exd5 Qxd5 3. Nc3 Qd6 4. Bc4 Nf6 5. Nf3 Bg4 6. h3 Bxf3 7. Qxf3 c6 8.
d3 Nbd7 9. Ne4 Nxe4 10. Bxf7+ Kd8 11. Qxe4 e5 12. O-O Be7 13. Be3 Kc7 14. d4
Qf6 15. dxe5 Nxe5 16. Bb3 Bd6 17. Bd4 Rae8 18. Rad1 g5 19. f4 gxf4 20. Rxf4 Qg6
21. Qxg6 hxg6 22. Rf6 Rhf8 23. Rxf8 Bxf8 24. Rf1 Nd7 25. Rf7 c5 26. Bf2 b5 27.
Bd5 Kd6 28. c4 bxc4 29. Bxc4 Be7 30. Bb5 Rf8 31. Bg3+ Ke6 32. Bc4# 1-0

[Event "OLSW 1718 SK Gau-Algesheim - SK Altenki"]
[Site "?"]
[Date "2018.03.18"]
[Round "10.7"]
[White "Schmidt, Reiner"]
[Black "Bauer, Bjoern-Benny"]
[Result "1-0"]
[WhiteElo "2184"]
[BlackElo "2204"]
[PlyCount "79"]
[EventDate "2018.??.??"]

1. e4 c5 2. d4 cxd4 3. c3 Nf6 4. e5 Nd5 5. Nf3 e6 6. cxd4 d6 7. a3 Nc6 8. Bd3
Qc7 9. O-O dxe5 10. dxe5 Nxe5 11. Nxe5 Qxe5 12. Bb5+ Bd7 13. Bxd7+ Kxd7 14.
Qa4+ Kc7 15. Nc3 Nxc3 16. bxc3 Bd6 17. g3 f6 18. Qc4+ Kd7 19. Rd1 b5 20. Qd3
Qd5 21. Qe2 Qc4 22. Qh5 Ke7 23. a4 bxa4 24. Rd4 Qxc3 25. Rdxa4 a5 26. Be3 Qe5
27. Qg4 Kf7 28. Bf4 Qc5 29. Rc1 Qb6 30. Rac4 Bxf4 31. Rc6 Qb3 32. Rc7+ Bxc7 33.
Rxc7+ Ke8 34. Qxg7 Qd1+ 35. Kg2 Qd5+ 36. f3 Qd2+ 37. Kh3 Qd6 38. Qxh8+ Qf8 39.
Qxh7 Qd6 40. Qg8+ 1-0

[Event "OLSW 1718 SC Heimbach-Weis N - SC Caiss"]
[Site "?"]
[Date "2018.03.18"]
[Round "10.1"]
[White "Frischmann, Rick"]
[Black "Winterberg, Lukas"]
[Result "1/2-1/2"]
[WhiteElo "2353"]
[BlackElo "2388"]
[PlyCount "120"]
[EventDate "2018.??.??"]

1. e4 c6 2. d4 d5 3. Nd2 dxe4 4. Nxe4 Bf5 5. Ng3 Bg6 6. h4 h6 7. Nf3 Nd7 8. h5
Bh7 9. Bd3 Bxd3 10. Qxd3 e6 11. Bd2 Ngf6 12. O-O-O Be7 13. Kb1 Qb6 14. c4 Rd8
15. Nh4 Qa6 16. Rhe1 Ng4 17. Nhf5 exf5 18. Nxf5 Nde5 19. Qe2 Qxc4 20. Qxc4 Nxc4
21. Rxe7+ Kf8 22. Bb4 a5 23. Rd7+ Ke8 24. Re7+ Kf8 25. Bc5 b6 26. Rd7+ Ke8 27.
Re7+ Kf8 28. Re4+ bxc5 29. Rxg4 Rd5 30. Rf4 Nd6 31. Nxd6 Rxd6 32. Kc2 Ke7 33.
Re1+ Re6 34. Rxe6+ Kxe6 35. dxc5 Rb8 36. Rd4 Rb5 37. Rd6+ Ke7 38. Rxc6 Kd7 39.
Rd6+ Ke7 40. Rd2 Rxc5+ 41. Kb3 Rxh5 42. Ka4 Re5 43. a3 h5 44. b4 axb4 45. axb4
g5 46. b5 Re1 47. b6 Rb1 48. Ka5 h4 49. Ka6 g4 50. Rd4 Ra1+ 51. Kb5 h3 52. gxh3
gxh3 53. Rh4 Rb1+ 54. Kc6 Rc1+ 55. Kb7 Rh1 56. Kc6 h2 57. b7 Rc1+ 58. Kd5 Rb1
59. Kc6 Rc1+ 60. Kd5 Rb1 1/2-1/2

[Event "OLSW 1718 SC Heimbach-Weis N - SC Caiss"]
[Site "?"]
[Date "2018.03.18"]
[Round "10.2"]
[White "Boidman, Yuri"]
[Black "Wild, Achim"]
[Result "1-0"]
[WhiteElo "2347"]
[BlackElo "2244"]
[PlyCount "73"]
[EventDate "2018.??.??"]

1. c4 e5 2. Nc3 d6 3. Nf3 f5 4. d4 e4 5. Ng1 Nf6 6. h4 Be7 7. Nh3 c6 8. Nf4 Na6
9. e3 Nc7 10. h5 Ne6 11. Nce2 Ng5 12. Bd2 Bd7 13. b4 O-O 14. d5 c5 15. a3 Rc8
16. Qb3 b6 17. Rc1 a6 18. Nh3 Nxh3 19. Rxh3 f4 20. Nxf4 Bxh3 21. gxh3 Qe8 22.
Be2 Nd7 23. Qb1 Nf6 24. Bc3 Rf7 25. Kd2 h6 26. Rg1 Bf8 27. Ne6 b5 28. bxc5 bxc4
29. Bxf6 Rxf6 30. Qxe4 Qa4 31. Ke1 Qxa3 32. f4 c3 33. Bd3 Qc1+ 34. Kf2 Qd2+ 35.
Kf3 Kf7 36. Qh7 Ke7 37. Nxg7 1-0

[Event "OLSW 1718 SC Heimbach-Weis N - SC Caiss"]
[Site "?"]
[Date "2018.03.18"]
[Round "10.3"]
[White "Czybik, Nils-Patrick"]
[Black "Schulz, Klaus-Juergen"]
[Result "1-0"]
[WhiteElo "2157"]
[BlackElo "2331"]
[PlyCount "45"]
[EventDate "2018.??.??"]

1. d4 d5 2. Nf3 Nf6 3. c4 dxc4 4. e3 e6 5. Bxc4 c5 6. O-O a6 7. Bb3 Nc6 8. Qe2
Qc7 9. Rd1 Be7 10. Nc3 O-O 11. Bd2 b5 12. dxc5 Bxc5 13. Rac1 Qb6 14. Bc2 Bb7
15. Ne4 Be7 16. Nfg5 g6 17. Qf3 Nxe4 18. Bxe4 Ne5 19. Qg3 Nc4 20. Bxb7 Qxb7 21.
Bc3 b4 22. Bd4 Qb5 23. Nxh7 1-0

[Event "OLSW 1718 SC Heimbach-Weis N - SC Caiss"]
[Site "?"]
[Date "2018.03.18"]
[Round "10.4"]
[White "Philipowski, Robert"]
[Black "Oberhofer, Andre"]
[Result "1-0"]
[WhiteElo "2282"]
[BlackElo "2283"]
[PlyCount "73"]
[EventDate "2018.??.??"]

1. e4 e5 2. Nf3 Nc6 3. Bb5 Nd4 4. Nxd4 exd4 5. O-O c6 6. Bc4 Nf6 7. d3 d6 8. c3
dxc3 9. Nxc3 Be7 10. a4 O-O 11. Bb3 Bg4 12. f3 Be6 13. d4 Bxb3 14. Qxb3 Qb6 15.
Qxb6 axb6 16. Bf4 Rfc8 17. d5 cxd5 18. exd5 Rc4 19. Rfe1 Kf8 20. Bg3 Rb4 21.
Re2 Nh5 22. Rae1 Nxg3 23. Rxe7 Nf5 24. Rxb7 Rxb2 25. Ne4 Rc8 26. Ng5 f6 27.
Ne6+ Kg8 28. a5 Rcc2 29. Nf4 h5 30. a6 Kh7 31. Ra1 Nh4 32. a7 Nxg2 33. Rxg7+
Kxg7 34. Ne6+ Kg6 35. a8=Q Rd2 36. Qg8+ Kf5 37. Qh7+ 1-0

[Event "OLSW 1718 SC Heimbach-Weis N - SC Caiss"]
[Site "?"]
[Date "2018.03.18"]
[Round "10.5"]
[White "Tabatt, Hendrik"]
[Black "Roos, Thomas"]
[Result "1-0"]
[WhiteElo "2327"]
[BlackElo "2210"]
[PlyCount "41"]
[EventDate "2018.??.??"]

1. d4 Nf6 2. Nc3 d5 3. Bg5 e6 4. e4 dxe4 5. Nxe4 Be7 6. Bxf6 Bxf6 7. Nf3 Nd7 8.
Qd2 Be7 9. O-O-O Nf6 10. Bd3 Nxe4 11. Bxe4 O-O 12. Rhe1 c5 13. Qc3 Qb6 14. Ne5
f5 15. Bf3 cxd4 16. Rxd4 Bc5 17. Rc4 Bxf2 18. Re2 f4 19. Ree4 Bh4 20. Rcd4 Bf6
21. a4 1-0

[Event "OLSW 1718 SC Heimbach-Weis N - SC Caiss"]
[Site "?"]
[Date "2018.03.18"]
[Round "10.6"]
[White "Schaefer, Jochen"]
[Black "Grewenig, Jan"]
[Result "1/2-1/2"]
[WhiteElo "2147"]
[BlackElo "2138"]
[PlyCount "137"]
[EventDate "2018.??.??"]

1. d4 Nf6 2. Nf3 e6 3. Bg5 d5 4. Nbd2 c5 5. e3 Be7 6. c3 O-O 7. Bd3 b6 8. Qe2
Bb7 9. Ne5 Ne4 10. Bf4 Nxd2 11. Kxd2 Qe8 12. Qh5 f5 13. Qxe8 Rxe8 14. h4 Nc6
15. Bb5 Rac8 16. Rag1 Nxe5 17. Bxe5 Bc6 18. Ba6 Rcd8 19. g4 Bd6 20. Bxd6 Rxd6
21. Bd3 Rf8 22. f4 Rd7 23. Rh2 Re7 24. b3 Rc7 25. h5 Rf6 26. Rhg2 Rff7 27. gxf5
exf5 28. Rg5 Bd7 29. dxc5 Rxc5 30. Be2 Kf8 31. a4 Be6 32. Kd3 Rfc7 33. Rc1 Kf7
34. Kd4 Kf6 35. b4 R5c6 36. Bb5 Rd6 37. Rg2 Rd8 38. Ra2 Bf7 39. Rh2 Rc4+ 40.
Kd3 Rc7 41. Ra1 Rdc8 42. Ra3 Be6 43. Ba6 Rb8 44. Kd2 Bf7 45. Rh1 Be6 46. Be2
Rbc8 47. Rc1 g6 48. hxg6 hxg6 49. a5 Rh8 50. axb6 axb6 51. Ra6 Rc6 52. Bb5 Rh2+
53. Kd3 Rd6 54. Rg1 Bf7 55. Ra7 Rh3 56. Rc7 Re6 57. Re1 Rg3 58. Rc6 g5 59.
fxg5+ Rxg5 60. Ra1 Rg3 61. Rxe6+ Kxe6 62. Rf1 Ke5 63. Bd7 Bg6 64. Rf4 Rg2 65.
Bc6 Bh5 66. c4 dxc4+ 67. Kxc4 Be2+ 68. Kc3 Rh2 69. Bd7 1/2-1/2

[Event "OLSW 1718 SC Heimbach-Weis N - SC Caiss"]
[Site "?"]
[Date "2018.03.18"]
[Round "10.7"]
[White "Buermann, Jan"]
[Black "Schnur, Edmund"]
[Result "1-0"]
[WhiteElo "2101"]
[BlackElo "1987"]
[PlyCount "215"]
[EventDate "2018.??.??"]

1. d4 Nf6 2. c4 e6 3. Nf3 b6 4. a3 a5 5. Nc3 Bb7 6. d5 d6 7. e4 e5 8. Qc2 Be7
9. Be2 O-O 10. O-O Ne8 11. Ne1 Bc8 12. Rb1 f5 13. exf5 Bxf5 14. Bd3 Bxd3 15.
Nxd3 Nf6 16. Qe2 c6 17. f4 Nfd7 18. Qg4 Kh8 19. Be3 cxd5 20. Nxd5 Nf6 21. Qe6
Nxd5 22. Qxd5 Nd7 23. fxe5 Rxf1+ 24. Rxf1 Nxe5 25. Nxe5 dxe5 26. Qxd8+ Rxd8 27.
Bxb6 Rd2 28. Rc1 Rxb2 29. c5 Bg5 30. Rc3 Bd2 31. Rd3 h6 32. c6 Rxb6 33. c7 Rc6
34. Rd8+ Kh7 35. c8=Q Rxc8 36. Rxc8 e4 37. Rc6 e3 38. Kf1 Kg8 39. Ke2 Kf7 40.
g4 Ke7 41. a4 Kf7 42. Kd3 Ke7 43. Rc4 Kf6 44. h4 g6 45. Rc6+ Kg7 46. Re6 Kf7
47. Re4 Kf6 48. Kc4 h5 49. g5+ Kf7 50. Kd4 Kf8 51. Kd5 Kf7 52. Kd6 Bb4+ 53. Kd7
Bd2 54. Re6 Bc1 55. Rf6+ Kg7 56. Ke8 Bd2 57. Re6 Bc1 58. Re4 Bd2 59. Re5 Kg8
60. Re7 Bc1 61. Re4 Bd2 62. Re5 Kg7 63. Re6 Bc1 64. Ra6 Bd2 65. Ra7+ Kg8 66.
Re7 Bc1 67. Kd7 Bd2 68. Kc6 Kf8 69. Re5 Kf7 70. Kd7 Kf8 71. Ke6 Kg7 72. Ke7
Bb4+ 73. Ke8 Bd2 74. Re6 Bc1 75. Rf6 Bd2 76. Rf7+ Kg8 77. Re7 Bc1 78. Re5 Bd2
79. Ke7 Kg7 80. Ke6 Bc1 81. Kd5 Bd2 82. Kc4 Kf7 83. Kd3 Kf8 84. Re6 Kf7 85. Ra6
Kg7 86. Ra8 Kf7 87. Rh8 Kg7 88. Rc8 Kf7 89. Rc6 Kg7 90. Rf6 Kh7 91. Re6 Kg7 92.
Rxe3 Bxe3 93. Kxe3 Kf7 94. Kd4 Ke6 95. Kc5 Kf5 96. Kb5 Kg4 97. Kxa5 Kxh4 98.
Kb6 Kxg5 99. a5 h4 100. a6 h3 101. a7 Kh4 102. a8=Q Kg3 103. Qh1 g5 104. Kc5 h2
105. Kd4 g4 106. Ke3 Kh3 107. Kf2 g3+ 108. Kf3 1-0

[Event "OLSW 1718 SC Heimbach-Weis N - SC Caiss"]
[Site "?"]
[Date "2018.03.18"]
[Round "10.8"]
[White "Fink, Christian"]
[Black "Busemann, Stephan"]
[Result "1/2-1/2"]
[WhiteElo "2112"]
[BlackElo "2086"]
[PlyCount "275"]
[EventDate "2018.??.??"]

1. e4 e5 2. Nf3 Nc6 3. Bb5 a6 4. Ba4 Nf6 5. O-O Be7 6. Re1 b5 7. Bb3 O-O 8. d4
d6 9. c3 Bg4 10. Be3 exd4 11. cxd4 Na5 12. Bc2 Nc4 13. Bc1 c5 14. b3 Nb6 15.
Bb2 Rc8 16. Nbd2 cxd4 17. h3 Bh5 18. Bxd4 Nfd7 19. Rc1 Bf6 20. g4 Bg6 21. Nf1
Ne5 22. N1h2 Nbd7 23. Bb1 Nc5 24. Qd2 Qe7 25. Nxe5 dxe5 26. Bxc5 Rxc5 27. Nf3
Rfc8 28. g5 Bh5 29. Rxc5 Qxc5 30. Nh4 Rd8 31. Bd3 Be7 32. Nf5 Bf8 33. Re3 Qc7
34. b4 Bg6 35. Ng3 f6 36. gxf6 gxf6 37. Nf5 Kh8 38. Rg3 Qc6 39. a3 Qd7 40. Qa2
Bf7 41. Qe2 Qc7 42. Kh2 Qc1 43. Ne3 Bh6 44. Rg1 Bf4+ 45. Kh1 Qc8 46. Nf5 Qc3
47. Qg4 Rg8 48. Qd1 Rxg1+ 49. Qxg1 Qc1 50. Bf1 Bg6 51. Bg2 Qxa3 52. Qd1 Qc1 53.
Qxc1 Bxc1 54. Ne7 Bf7 55. Nd5 Kg7 56. Nc7 a5 57. bxa5 b4 58. Bf1 b3 59. Bd3 Ba3
60. a6 Bc5 61. Nb5 b2 62. Bb1 Be8 63. a7 Bc6 64. a8=Q Bxa8 65. Nc7 Bxe4+ 66.
Bxe4 Bxf2 67. Kg2 Bb6 68. Nd5 Bc5 69. Kf3 h5 70. Bb1 Kf7 71. Bf5 Kg7 72. Nc3
Bb4 73. Ne2 Be1 74. Ke3 Kh6 75. Ng1 Bg3 76. Nf3 Kg7 77. Bb1 Kh6 78. Kd2 Bf4+
79. Kc3 Bc1 80. Kc4 Kg7 81. Kd5 Kf7 82. Kd6 Be3 83. Nh4 Bf4 84. Kd5 f5 85. Bxf5
Kf6 86. Bb1 Kg5 87. Nf3+ Kf6 88. Ne1 Kg5 89. Nf3+ Kf6 90. Be4 Bg3 91. Bc2 Bf4
92. Bb1 Bg3 93. Ke4 Bf4 94. Ne1 Kg5 95. Kf3 Kh4 96. Kg2 Kg5 97. Nd3 Bc1 98.
Nxe5 Kf4 99. Nc4 Kg5 100. Kg3 Bf4+ 101. Kg2 Bc1 102. Ne5 Kf4 103. Ng6+ Kg5 104.
Kf3 Bd2 105. Ne5 Bc3 106. Nf7+ Kh4 107. Kg2 Bd4 108. Bc2 Bc3 109. Nd6 Bd2 110.
Ne4 Bc1 111. Bb1 Bh6 112. Nd6 Bf4 113. Nf7 Bc1 114. Bc2 Bf4 115. Bd3 Bc1 116.
Ne5 Kg5 117. Nf3+ Kf4 118. Bb1 Be3 119. Nh4 Kg5 120. Ng6 Bd2 121. Kf3 Bc1 122.
h4+ Kf6 123. Nf8 Kf7 124. Nh7 Kg7 125. Ng5 Kf6 126. Ne4+ Kg7 127. Ng3 Kh6 128.
Ke4 Bd2 129. Nf5+ Kg6 130. Ne7+ Kf7 131. Nf5 Kg6 132. Ke5 Bc3+ 133. Ke6 Be1
134. Ne3+ Kg7 135. Ng2 Bf2 136. Kf5 Kh6 137. Kf6 Bxh4+ 138. Nxh4 1/2-1/2

[Event "OLSW 1718 SV Worms 1878 - SK Landau"]
[Site "?"]
[Date "2018.03.18"]
[Round "10.1"]
[White "Lang, Torsten"]
[Black "Nasshan, Dennis"]
[Result "1/2-1/2"]
[WhiteElo "2319"]
[BlackElo "2357"]
[PlyCount "144"]
[EventDate "2018.??.??"]

1. d4 Nf6 2. Nf3 e6 3. g3 b6 4. Bg2 Bb7 5. O-O Be7 6. c4 O-O 7. Qc2 Be4 8. Qb3
Bb7 9. Rd1 d5 10. Nc3 c6 11. Bf4 Nh5 12. Be3 Nd7 13. Rac1 f5 14. cxd5 exd5 15.
Ne5 Kh8 16. Qa4 Nxe5 17. dxe5 Qe8 18. f4 g6 19. b4 b5 20. Qb3 g5 21. Nxd5 cxd5
22. Rc7 gxf4 23. Bd4 Rb8 24. Bxa7 Bg5 25. g4 Ng7 26. h4 Bxh4 27. Qh3 Bg5 28.
gxf5 Qxe5 29. Bxb8 Rxb8 30. Rf7 Qxe2 31. Bf3 Qe3+ 32. Kf1 d4 33. Rxb7 Rxb7 34.
Re1 Qd3+ 35. Kg1 Rb8 36. Qg2 Qxf5 37. Be4 Qf6 38. Rc1 f3 39. Qh2 Be3+ 40. Kf1
Nf5 41. Qxb8+ Kg7 42. Rc7+ Ne7 43. Qe8 Bg5 44. Qh5 d3 45. Bxf3 Qa1+ 46. Bd1 h6
47. Qf3 Qxa2 48. Qxd3 Qa1 49. Rc5 Qf6+ 50. Kg2 Qb2+ 51. Be2 Qxb4 52. Rxb5 Qd2
53. Qe4 Qf4 54. Qxf4 Bxf4 55. Kf3 Bg5 56. Ke4 Bf6 57. Bh5 Ba1 58. Rb6 Bf6 59.
Re6 Ng6 60. Ra6 Ne7 61. Ra7 Kf8 62. Ra8+ Kg7 63. Re8 Bg5 64. Ke5 Bf6+ 65. Ke6
Bg5 66. Ra8 Bf6 67. Ra2 Bg5 68. Rf2 Bh4 69. Rf7+ Kg8 70. Kd7 Bg5 71. Ke8 Nd5
72. Bg6 Nf6+ 1/2-1/2

[Event "OLSW 1718 SV Worms 1878 - SK Landau"]
[Site "?"]
[Date "2018.03.18"]
[Round "10.3"]
[White "Silber, Henning"]
[Black "Ollenberger, Roland"]
[Result "1-0"]
[WhiteElo "2313"]
[BlackElo "2299"]
[PlyCount "109"]
[EventDate "2018.??.??"]

1. e4 c5 2. c3 Nf6 3. e5 Nd5 4. d4 cxd4 5. Nf3 Nc6 6. Bc4 Nb6 7. Bb3 d5 8. exd6
Qxd6 9. O-O Bf5 10. cxd4 Rd8 11. Nc3 e6 12. Be3 Be7 13. h3 O-O 14. Qe2 a6 15.
Rfd1 Nb4 16. Rac1 N4d5 17. Ne5 Qb8 18. Qf3 Nxc3 19. bxc3 Nd5 20. Bxd5 Rxd5 21.
c4 Rdd8 22. Bf4 Bd6 23. g4 Bg6 24. Bg3 Qc8 25. c5 Bxe5 26. Bxe5 Rd5 27. Rc3 Qd7
28. Qe3 Rc8 29. Rd2 f6 30. Bd6 Kf7 31. Rb3 b5 32. a4 Rxd6 33. cxd6 Rc1+ 34. Kg2
Qxd6 35. axb5 axb5 36. Rdb2 Qc6+ 37. f3 Rc2+ 38. Rxc2 Qxc2+ 39. Kg3 Qc7+ 40.
Qf4 Qa5 41. Qc1 h5 42. Qc3 Qa2 43. gxh5 Bxh5 44. Rxb5 g5 45. Rb7+ Kg6 46. Qc7
Kf5 47. Qh7+ Bg6 48. Rb5+ e5 49. Qd7+ Qe6 50. Qb7 Qe8 51. Rb6 exd4 52. Rb5+ Ke6
53. Qd5+ Ke7 54. Rb7+ Kf8 55. Qd6+ 1-0

[Event "OLSW 1718 SV Worms 1878 - SK Landau"]
[Site "?"]
[Date "2018.03.18"]
[Round "10.4"]
[White "Dausch, Rene"]
[Black "Bernhardt, Rolf"]
[Result "0-1"]
[WhiteElo "2263"]
[BlackElo "2231"]
[PlyCount "82"]
[EventDate "2018.??.??"]

1. e4 e5 2. Nf3 Nc6 3. Nc3 Nf6 4. a3 g6 5. d4 exd4 6. Nxd4 Bg7 7. Nxc6 bxc6 8.
Bc4 O-O 9. O-O Qe7 10. Re1 Re8 11. Bf4 Qc5 12. Ba2 d6 13. Be3 Qh5 14. Qxh5 Nxh5
15. f3 Be5 16. g3 Ng7 17. Rad1 Be6 18. Bxe6 Rxe6 19. Bd4 Bxd4+ 20. Rxd4 f5 21.
Kf2 fxe4 22. Rdxe4 Rae8 23. R1e3 h6 24. Rxe6 Rxe6 25. Ne4 c5 26. Rb3 c4 27.
Rb8+ Kh7 28. Rb7 d5 29. Nc3 d4 30. Ne4 Rc6 31. Rxa7 Ne6 32. Ke2 Rb6 33. Ra4 d3+
34. cxd3 Rxb2+ 35. Ke3 cxd3 36. Ra6 Re2+ 37. Kxd3 Rxe4 38. Kxe4 Nc5+ 39. Kd5
Nxa6 40. Kc6 Kg7 41. Kb7 c5 0-1

[Event "OLSW 1718 SV Worms 1878 - SK Landau"]
[Site "?"]
[Date "2018.03.18"]
[Round "10.6"]
[White "Helbig, Daniel"]
[Black "Koehler, Patrick"]
[Result "1-0"]
[WhiteElo "2179"]
[BlackElo "2125"]
[PlyCount "45"]
[EventDate "2018.??.??"]

1. Nf3 d5 2. g3 c5 3. Bg2 f6 4. c4 d4 5. d3 Nc6 6. O-O e5 7. a3 a5 8. e3 Bg4 9.
h3 Be6 10. exd4 cxd4 11. Nbd2 Nh6 12. Ne4 Nf7 13. Bd2 Be7 14. b4 f5 15. Nc5
Bxc5 16. bxc5 Qe7 17. Qe2 O-O 18. Rfb1 e4 19. dxe4 Qxc5 20. Rxb7 Nd6 21. Ng5
Rf6 22. Qh5 Rh6 23. Rxg7+ 1-0

[Event "OLSW 1718 SV Worms 1878 - SK Landau"]
[Site "?"]
[Date "2018.03.18"]
[Round "10.7"]
[White "Hirschinger, Thomas"]
[Black "Martin, Mike"]
[Result "1/2-1/2"]
[WhiteElo "2021"]
[BlackElo "2150"]
[PlyCount "72"]
[EventDate "2018.??.??"]

1. Nf3 b6 2. g3 Bb7 3. d4 e6 4. Bg2 Nf6 5. O-O c5 6. c3 d5 7. Ne5 Bd6 8. Qa4+
Nfd7 9. Bf4 Bxe5 10. Bxe5 Bc6 11. Qc2 Nxe5 12. dxe5 Nd7 13. f4 Qc7 14. Nd2
O-O-O 15. Rfc1 g5 16. e3 f6 17. exf6 Nxf6 18. Nf3 Ng4 19. Qe2 h5 20. Nxg5 Rde8
21. Bh3 Qd7 22. Bxg4 hxg4 23. Qxg4 d4 24. e4 dxc3 25. bxc3 Qd2 26. h4 Qe3+ 27.
Kg2 Rd8 28. Qf3 Qd2+ 29. Qf2 Qd3 30. Re1 Qxc3 31. Rad1 Qc4 32. Rc1 Qb4 33. Rc2
Rd3 34. Re3 Rd4 35. Qe1 Qa4 36. Rce2 Rhd8 1/2-1/2

[Event "OLSW 1718 SV Worms 1878 - SK Landau"]
[Site "?"]
[Date "2018.03.18"]
[Round "10.8"]
[White "Schluchter, Steffen"]
[Black "Wolfer, Joshua"]
[Result "1-0"]
[WhiteElo "2129"]
[BlackElo "1877"]
[PlyCount "63"]
[EventDate "2018.??.??"]

1. d4 Nf6 2. c4 e6 3. Nc3 Bb4 4. e3 O-O 5. Bd3 b6 6. Nge2 Bb7 7. O-O Bxc3 8.
Nxc3 d6 9. f4 Nbd7 10. e4 e5 11. fxe5 dxe5 12. d5 h6 13. Be3 Qe7 14. Kh1 Nc5
15. Bc2 a5 16. Qf3 Ne8 17. b3 Nd6 18. Bxc5 bxc5 19. Qf2 Ne8 20. Na4 Bc8 21.
Nxc5 Nf6 22. Rae1 Ng4 23. Qg1 Nxh2 24. Qxh2 Qxc5 25. Qxe5 a4 26. Qc3 Ba6 27. e5
Rad8 28. Qd3 g6 29. e6 Rd6 30. Rf6 Kh7 31. Rxf7+ Rxf7 32. Qxg6+ 1-0

[Event "OLSW 1718 SC Caissa Schwarzenbach - SV"]
[Site "?"]
[Date "2018.04.15"]
[Round "11.1"]
[White "Heider, Martin"]
[Black "Frischmann, Rick"]
[Result "1-0"]
[WhiteElo "2372"]
[BlackElo "2350"]
[PlyCount "31"]
[EventDate "2018.??.??"]

1. c4 e6 2. Nf3 Nf6 3. Nc3 Bb4 4. Qb3 Be7 5. e3 O-O 6. Qc2 a6 7. Na4 Ne4 8. Nc5
Nxc5 9. a4 b6 10. Ne5 a5 11. Nd3 Ra7 12. Nxc5 g5 13. Nd3 f6 14. Nc5 h5 15. Nd3
Na6 16. Nb4 1-0

[Event "OLSW 1718 SC Caissa Schwarzenbach - SV"]
[Site "?"]
[Date "2018.04.15"]
[Round "11.2"]
[White "Wild, Achim"]
[Black "Ollenberger, Roland"]
[Result "1-0"]
[WhiteElo "2242"]
[BlackElo "2301"]
[PlyCount "111"]
[EventDate "2018.??.??"]

1. Nf3 c5 2. c4 Nc6 3. d4 cxd4 4. Nxd4 d6 5. e4 Nf6 6. Nc3 Bd7 7. Be2 Rc8 8.
Be3 g6 9. h3 Bg7 10. Nf3 O-O 11. O-O Qc7 12. Rc1 Qb8 13. a3 Rfd8 14. b4 Ne5 15.
Nd2 Be6 16. Qb3 Nxc4 17. Bxc4 Rxc4 18. Nxc4 b5 19. Nxb5 Qxb5 20. a4 Qh5 21. Qd1
Qh4 22. Qf3 Nxe4 23. Na5 Nc3 24. Rfe1 Rc8 25. Bd2 Qxb4 26. Nc6 Qb7 27. Bxc3
Rxc6 28. Bxg7 Rxc1 29. Qxb7 Rxe1+ 30. Kh2 Kxg7 31. a5 Re2 32. Qxa7 Ra2 33. a6
Bc8 34. Qd4+ e5 35. Qxd6 Rxa6 36. Qxe5+ Rf6 37. g4 h6 38. f4 g5 39. f5 Ba6 40.
Kg3 Bd3 41. h4 Ba6 42. Kf2 Bc8 43. Ke3 Ba6 44. hxg5 hxg5 45. Kd4 Bc8 46. Kd3
Ba6+ 47. Kc3 Bc8 48. Kd4 Ba6 49. Qe3 Rc6 50. Qxg5+ Kf8 51. Qd8+ Kg7 52. g5 Bc8
53. f6+ Kg6 54. Qg8+ Kf5 55. g6 Rxf6 56. g7 1-0

[Event "OLSW 1718 SC Caissa Schwarzenbach - SV"]
[Site "?"]
[Date "2018.04.15"]
[Round "11.3"]
[White "Dausch, Rene"]
[Black "Czybik, Nils-Patrick"]
[Result "1/2-1/2"]
[WhiteElo "2263"]
[BlackElo "2149"]
[PlyCount "64"]
[EventDate "2018.??.??"]

1. e4 e6 2. d4 d5 3. Nc3 Nf6 4. Bg5 dxe4 5. Nxe4 Be7 6. Bxf6 gxf6 7. g3 Bd7 8.
d5 exd5 9. Qxd5 Bc6 10. Qxd8+ Bxd8 11. f3 Nd7 12. Bh3 Ne5 13. O-O-O O-O 14. Bf5
Be7 15. Ne2 Nxf3 16. Rhf1 Ng5 17. N4c3 Rfd8 18. Nd4 Bg2 19. Rf2 Bc5 20. Nce2
Nf3 21. Rxf3 Bxf3 22. Nxf3 Be3+ 23. Nd2 Rxd2 24. Rxd2 Rd8 25. Bd3 c5 26. b3 b5
27. Kd1 Bxd2 28. Bxb5 Bc3+ 29. Bd3 Be5 30. Ke1 h5 31. h4 Bd4 32. Nf4 Be5
1/2-1/2

[Event "OLSW 1718 SC Caissa Schwarzenbach - SV"]
[Site "?"]
[Date "2018.04.15"]
[Round "11.4"]
[White "Holle, Cedric"]
[Black "Steinkohl, Thomas"]
[Result "1/2-1/2"]
[WhiteElo "2085"]
[BlackElo "2210"]
[PlyCount "81"]
[EventDate "2018.??.??"]

1. e4 d5 2. exd5 Nf6 3. d4 Bg4 4. Nf3 Qxd5 5. Nc3 Qa5 6. Bd2 e6 7. Bc4 Bb4 8.
a3 Bxc3 9. Bxc3 Qf5 10. h3 Bxf3 11. Qxf3 Qxf3 12. gxf3 Nd5 13. Bd2 Nc6 14. c3
O-O-O 15. f4 Nde7 16. O-O-O g6 17. f5 gxf5 18. Bg5 Rhg8 19. f4 Rg6 20. h4 h5
21. Rhe1 Re8 22. d5 Nd8 23. d6 cxd6 24. Rxd6 Nec6 25. b4 Kc7 26. Red1 f6 27.
Rd7+ Kc8 28. b5 Na5 29. Rxd8+ Rxd8 30. Bxe6+ Kc7 31. Rxd8 Kxd8 32. Bxf5 fxg5
33. Bxg6 gxh4 34. a4 b6 35. Kd2 Ke7 36. Ke3 Kf6 37. Bd3 Nb3 38. Kf3 Nc5 39. Bc2
Ne6 40. Be4 Nc5 41. Bc2 1/2-1/2